Porovnanie právneho postavenia centrálnych bánk v Rakúsku, Taliansku a na Slovensku
Príspevok zameriava pozornosť na reguláciu postavenia centrálnych bánk vo vybraných členských štátoch Európskej únie (Rakúsko, Taliansko a Slovensko), ktoré sú súčasťou Európskeho systému centrálnych bánk i Eurosystému. Komparatívna analýza sa venuje istým právnym aspektom činnosti. Autorky sa sústr...
Uložené v:
| Hlavný autor: | |
|---|---|
| Ďalší autori: | , |
| Médium: | Kapitola |
| Jazyk: | Slovak |
| Predmet: | |
| Tagy: |
Žiadne tagy, Buďte prvý, kto otaguje tento záznam!
|
MARC
| LEADER | 00000naa$a2200000$$$4500 | ||
|---|---|---|---|
| 001 | 0297708 | ||
| 005 | 20240502074516.6 | ||
| 041 | 0 | |a slo | |
| 044 | |a SK | ||
| 245 | 1 | 0 | |a Porovnanie právneho postavenia centrálnych bánk v Rakúsku, Taliansku a na Slovensku |c Andrea Slezáková, Eva Tináková, Mária Veterníková |
| 520 | |a Príspevok zameriava pozornosť na reguláciu postavenia centrálnych bánk vo vybraných členských štátoch Európskej únie (Rakúsko, Taliansko a Slovensko), ktoré sú súčasťou Európskeho systému centrálnych bánk i Eurosystému. Komparatívna analýza sa venuje istým právnym aspektom činnosti. Autorky sa sústreďujú na spoločné prvky, ako aj na odlišnosti regulácie štátov, ktoré prináležia do kontinentálneho právneho systému. | ||
| 610 | 2 | 0 | |a banky centrálne |
| 610 | 2 | 0 | |a zákony |
| 610 | 2 | 0 | |a regulácia |
| 610 | 2 | 0 | |a systémy právne |
| 610 | 2 | 0 | |a analýza komparatívna |
| 100 | 1 | |a Slezáková, Andrea, 1980- | |
| 700 | 1 | |a Tináková, Eva, 1982- | |
| 700 | 1 | |a Veterníková, Mária, 1964- | |